000 00339 a2200157 4500
001 192182
020 _a978-85-8425-362-3
040 _cMagnum
100 _aRocha, Lavínia
240 1 0 _aEntre três segredos
_lpor
245 1 0 _aEntre três segredos
300 _a360
362 0 _a2016
697 _aLITERATURA JUVENIL
942 _cBK
999 _c192182
_d192182